[Event "Galicia-ch U18 2021"]
[Site "Padron"]
[Date "2021.04.01"]
[Round "2.5"]
[White "Alvarez Pampillon, Antonio"]
[Black "Vazquez Porta, Andres"]
[Result "0-1"]
[WhiteElo "1860"]
[BlackElo "1580"]
[Annotator "NA RC"]
[PlyCount "92"]
[EventDate "2021.04.02"]
[EventType "swiss"]
[EventCountry "ESP"]
[SourceTitle "playchess.com"]
[Source "ChessBase"]
[SourceQuality "1"]
[TimeControl "5400+30"]

1. d4 {[%emt 0:00:00]} Nf6 {[%emt 0:00:00]} 2. Nf3 {[%emt 0:00:00]} d5 {[%emt 0:01:27]} 3. e3 {[%emt 0:00:24]} e6 {[%emt 0:00:17]} 4. Bd3 {[%emt 0:00:05]} Bd6 {[%emt 0:00:05]} 5. O-O {[%emt 0:00:11]} O-O {[%emt 0:00:22]} 6. b3 {[%emt 0:00:23]} b6 {[%emt 0:00:13]} 7. Bb2 {[%emt 0:00:13]} Bb7 {[%emt 0:00:02]} 8. c4 {[%emt 0:00:36]} Nbd7 {[%emt 0:04:27]} 9. Nc3 {[%emt 0:01:57]} a6 {[%emt 0:04:38]} 10. Re1 {[%emt 0:01:58]} Ne4 {[%emt 0:00:25]} 11. Qc2 {[%emt 0:09:28]} f5 {[%emt 0:01:23]} 12. Ne5 {[%emt 0:09:12]} Nxe5 {[%emt 0:19:07]} 13. dxe5 {[%emt 0:00:14]} Bxe5 {[%emt 0:03:06]} 14. Nxe4 {[%emt 0:00:45]} Bxb2 {[%emt 0:00:24]} 15. Qxb2 {[%emt 0:00:16]} fxe4 {[%emt 0:00:49]} 16. Bf1 {[%emt 0:00:19]} Qf6 {[%emt 0:02:10]} 17. Qxf6 {[%emt 0:13:50]} Rxf6 {[%emt 0:00:27]} 18. c5 {[%emt 0:00:12]} Raf8 {[%emt 0:02:01]} 19. Re2 {[%emt 0:18:20]} e5 {[%emt 0:02:10]} 20. Rc1 {[%emt 0:11:49]} d4 {[%emt 0:07:22]} 21. c6 {[%emt 0:26:21]} Bxc6 {[%emt 0:05:08]} 22. exd4 {[%emt 0:00:16]} exd4 {[%emt 0:00:13]} 23. Rec2 {[%emt 0:00:16]} d3 {[%emt 0:03:27]} 24. Rd2 {[%emt 0:00:39]} Bb5 {[%emt 0:00:51]} 25. a4 {[%emt 0:00:38]} Bc6 {[%emt 0:11:53]} 26. f3 {[%emt 0:00:07]} exf3 {[%emt 0:02:16]} 27. Bxd3 {[%emt 0:04:24]} fxg2 {[%emt 0:03:23]} 28. Rdc2 {[%emt 0:00:34]} Bd5 {[%emt 0:03:16]} 29. b4 {[%emt 0:00:15]} c6 {[%emt 0:00:45]} 30. Bxa6 {[%emt 0:00:35]} b5 {[%emt 0:00:50]} 31. Rxg2 {[%emt 0:00:34]} Bxg2 32. Kxg2 {[%emt 0:00:02]} bxa4 {[%emt 0:00:28]} 33. Ra1 {[%emt 0:00:25]} Rg6+ {[%emt 0:02:03]} 34. Kh1 {[%emt 0:00:18]} Rg4 {[%emt 0:00:46]} 35. Rxa4 {[%emt 0:00:17]} Rb8 {[%emt 0:00:37]} 36. Be2 {[%emt 0:00:38]} Rgxb4 {[%emt 0:00:09]} 37. Ra7 {[%emt 0:00:14]} Rf8 {[%emt 0:03:00]} 38. Bh5 {[%emt 0:01:40]} g6 {[%emt 0:00:34]} 39. Be2 {[%emt 0:00:08]} Rf2 {[%emt 0:00:22]} 40. Ra8+ {[%emt 0:00:53]} Kg7 {[%emt 0:00:07]} 41. Ra1 {[%emt 0:00:13]} Rxe2 {[%emt 0:00:08]} 42. h4 {[%emt 0:00:05]} Rxh4+ 43. Kg1 Rhe4 {[%emt 0:00:28]} 44. Ra6 {[%emt 0:00:12]} Re6 {[%emt 0:00:14]} 45. Kh1 {[%emt 0:00:07]} Rb2 {[%emt 0:00:21]} 46. Ra1 {[%emt 0:00:04]} c5 {[%emt 0:00:05]} 0-1

[Event "Galicia-ch U18 2021"]
[Site "Padron"]
[Date "2021.04.01"]
[Round "2.6"]
[White "Reza Salgado, Marcos"]
[Black "Quintas Fernandez, Marta"]
[Result "1-0"]
[WhiteElo "1660"]
[BlackElo "1788"]
[Annotator "NA RC"]
[PlyCount "105"]
[EventDate "2021.04.02"]
[EventType "swiss"]
[EventCountry "ESP"]
[SourceTitle "playchess.com"]
[Source "ChessBase"]
[SourceQuality "1"]
[TimeControl "5400+30"]

1. d4 {[%emt 0:00:00]} d5 {[%emt 0:00:00]} 2. Nf3 {[%emt 0:00:00]} Nf6 {[%emt 0:00:00]} 3. Bg5 {[%emt 0:00:30]} e6 {[%emt 0:01:40]} 4. Nbd2 {[%emt 0:00:47]} Be7 {[%emt 0:01:45]} 5. e3 {[%emt 0:01:11]} b6 {[%emt 0:01:36]} 6. Bd3 {[%emt 0:02:24]} Bb7 {[%emt 0:00:33]} 7. O-O {[%emt 0:03:29]} Nbd7 {[%emt 0:01:28]} 8. Qe2 {[%emt 0:05:16]} Ne4 {[%emt 0:05:00]} 9. Bxe7 {[%emt 0:02:05]} Qxe7 {[%emt 0:00:10]} 10. c3 {[%emt 0:06:27]} O-O {[%emt 0:02:10]} 11. Rfd1 {[%emt 0:02:07]} c5 {[%emt 0:08:43]} 12. a4 {[%emt 0:03:01]} Nxd2 {[%emt 0:03:14]} 13. Rxd2 {[%emt 0:02:47]} c4 {[%emt 0:03:47]} 14. Bc2 {[%emt 0:00:48]} a6 {[%emt 0:01:25]} 15. e4 {[%emt 0:00:50]} b5 {[%emt 0:01:46]} 16. exd5 {[%emt 0:02:00]} Bxd5 {[%emt 0:01:21]} 17. Ne5 {[%emt 0:06:00]} f6 {[%emt 0:11:25]} 18. Ng4 {[%emt 0:06:32]} Rfe8 {[%emt 0:05:02]} 19. Ne3 {[%emt 0:01:32]} Bc6 {[%emt 0:01:02]} 20. h3 {[%emt 0:04:14]} Nb6 {[%emt 0:01:08]} 21. axb5 {[%emt 0:14:29]} axb5 {[%emt 0:00:24]} 22. Re1 {[%emt 0:00:35]} Qb7 {[%emt 0:03:43]} 23. Qg4 {[%emt 0:01:49]} Rad8 {[%emt 0:10:58]} 24. Rde2 {[%emt 0:00:26]} Bd7 {[%emt 0:01:08]} 25. Qh5 {[%emt 0:00:55]} h6 {[%emt 0:10:12]} 26. Nf5 {[%emt 0:00:42]} Bc8 {[%emt 0:04:16]} 27. Nd6 {[%emt 0:01:00]} Qc6 {[%emt 0:04:13]} 28. Qf7+ {[%emt 0:01:37]} Kh8 {[%emt 0:00:15]} 29. Nxe8 {[%emt 0:00:06]} Qxe8 {[%emt 0:03:11]} 30. Qxe8+ {[%emt 0:00:40]} Rxe8 {[%emt 0:00:31]} 31. Bf5 {[%emt 0:00:20]} Nd5 {[%emt 0:00:52]} 32. g3 {[%emt 0:00:45]} Nc7 {[%emt 0:00:15]} 33. Be4 {[%emt 0:01:18]} Rd8 {[%emt 0:02:04]} 34. Ra1 {[%emt 0:01:08]} Ba6 {[%emt 0:00:28]} 35. Rd2 {[%emt 0:02:21]} Rd6 {[%emt 0:03:08]} 36. f4 {[%emt 0:02:50]} f5 {[%emt 0:05:30]} 37. Bf3 {[%emt 0:00:35]} g6 {[%emt 0:00:15]} 38. Re2 {[%emt 0:00:11]} Kg7 {[%emt 0:00:06]} 39. Re5 {[%emt 0:02:12]} Kf6 {[%emt 0:00:50]} 40. Rc5 {[%emt 0:00:04]} Nd5 {[%emt 0:00:46]} 41. Bxd5 {[%emt 0:00:48]} exd5 {[%emt 0:00:09]} 42. Rc7 {[%emt 0:00:09]} g5 {[%emt 0:00:48]} 43. Re1 {[%emt 0:00:26]} gxf4 {[%emt 0:01:36]} 44. gxf4 {[%emt 0:00:00]} Kg6 {[%emt 0:00:48]} 45. Kf2 {[%emt 0:00:45]} Rb6 {[%emt 0:00:53]} 46. Rg1+ {[%emt 0:01:38]} Kh5 {[%emt 0:00:07]} 47. Rf7 {[%emt 0:01:10]} Bc8 {[%emt 0:00:09]} 48. Rg8 {[%emt 0:02:14]} Rc6 {[%emt 0:00:53]} 49. Rff8 {[%emt 0:01:21]} Bd7 {[%emt 0:00:07]} 50. Rg7 {[%emt 0:00:49]} Bc8 {[%emt 0:00:04]} 51. Kg3 {[%emt 0:00:47]} b4 {[%emt 0:01:22]} 52. Rh8 {[%emt 0:00:06]} bxc3 {[%emt 0:00:31]} 53. Rg5# 1-0

[Event "Galicia-ch U18 2021"]
[Site "Padron"]
[Date "2021.04.02"]
[Round "3.4"]
[White "Rey Chimera, Luca"]
[Black "Gonzalez Taboada, Lorenzo"]
[Result "0-1"]
[WhiteElo "1639"]
[BlackElo "1609"]
[Annotator "NA"]
[PlyCount "64"]
[EventDate "2021.04.02"]
[EventType "swiss"]
[EventCountry "ESP"]
[SourceTitle "playchess.com"]
[Source "ChessBase"]
[SourceQuality "1"]
[TimeControl "5400+30"]

1. e4 {[%emt 0:00:00]} c5 {[%emt 0:00:00]} 2. Nf3 {[%emt 0:00:27]} a6 {[%emt 0:00:00]} 3. d4 {[%emt 0:02:26]} cxd4 {[%emt 0:00:00]} 4. Nxd4 {[%emt 0:00:09]} Nf6 {[%emt 0:00:07]} 5. Nc3 {[%emt 0:02:45]} e5 {[%emt 0:00:08]} 6. Nf3 {[%emt 0:02:51]} Bb4 {[%emt 0:00:40]} 7. Bc4 {[%emt 0:05:00]} Qc7 {[%emt 0:02:08]} 8. Qd3 {[%emt 0:03:26]} b5 {[%emt 0:07:11]} 9. Bd5 {[%emt 0:00:07]} Nxd5 10. exd5 {[%emt 0:00:15]} d6 {[%emt 0:01:03]} 11. O-O {[%emt 0:00:28]} Bxc3 {[%emt 0:09:57]} 12. bxc3 {[%emt 0:01:58]} Bb7 {[%emt 0:03:22]} 13. Ba3 {[%emt 0:08:16]} Nd7 {[%emt 0:03:52]} 14. Ng5 {[%emt 0:04:04]} Nf6 {[%emt 0:01:39]} 15. f4 {[%emt 0:03:02]} O-O-O {[%emt 0:32:07]} 16. fxe5 {[%emt 0:09:55]} dxe5 {[%emt 0:03:10]} 17. d6 {[%emt 0:00:46]} Qc6 {[%emt 0:02:45]} 18. Qh3+ {[%emt 0:00:23]} Rd7 {[%emt 0:10:54]} 19. Rae1 {[%emt 0:06:17]} Re8 {[%emt 0:05:58]} 20. Rf2 {[%emt 0:09:33]} Kb8 {[%emt 0:00:43]} 21. Rf5 {[%emt 0:07:46]} h6 {[%emt 0:01:43]} 22. Rxf6 {[%emt 0:04:12]} gxf6 {[%emt 0:00:10]} 23. Ne4 {[%emt 0:00:28]} Rg8 {[%emt 0:01:26]} 24. Re2 {[%emt 0:03:29]} Qc4 {[%emt 0:03:52]} 25. Ng3 {[%emt 0:01:08]} Bc6 {[%emt 0:01:40]} 26. Rf2 {[%emt 0:03:17]} Qxc3 {[%emt 0:01:12]} 27. Bc1 {[%emt 0:00:47]} Rxd6 {[%emt 0:01:16]} 28. Qxh6 {[%emt 0:01:23]} Rd1+ {[%emt 0:00:30]} 29. Nf1 {[%emt 0:00:20]} Qe1 {[%emt 0:02:43]} 30. Qxf6 {[%emt 0:01:54]} Qe4 {[%emt 0:01:07]} 31. Bg5 {[%emt 0:00:43]} Qd4 {[%emt 0:01:34]} 32. Bd2 {[%emt 0:03:19]} Rxg2+ {[%emt 0:00:34]} 0-1

[Event "Galicia-ch U18 2021"]
[Site "Padron"]
[Date "2021.04.02"]
[Round "3.5"]
[White "Ferreno Sanmartin, Angel"]
[Black "Reboredo Martinez, Claudio"]
[Result "1-0"]
[WhiteElo "2152"]
[BlackElo "1880"]
[Annotator "ChessBase"]
[PlyCount "61"]
[EventDate "2021.04.02"]
[EventType "swiss"]
[EventCountry "ESP"]
[SourceTitle "playchess.com"]
[Source "ChessBase"]
[SourceQuality "1"]
[TimeControl "5400+30"]

1. Nf3 {[%emt 0:00:00]} Nf6 {[%emt 0:00:00]} 2. c4 {[%emt 0:00:00]} g6 {[%emt 0:01:17]} 3. g3 {[%emt 0:00:00]} Bg7 {[%emt 0:00:07]} 4. Bg2 {[%emt 0:00:00]} O-O {[%emt 0:00:04]} 5. O-O {[%emt 0:00:01]} c5 {[%emt 0:01:26]} 6. d4 {[%emt 0:04:31]} cxd4 {[%emt 0:02:45]} 7. Nxd4 {[%emt 0:00:07]} Nc6 {[%emt 0:01:07]} 8. Nc3 {[%emt 0:01:04]} Ng4 {[%emt 0:08:34]} 9. Nc2 {[%emt 0:14:22]} d6 {[%emt 0:03:51]} 10. h3 {[%emt 0:01:15]} Nge5 {[%emt 0:02:08]} 11. Ne3 {[%emt 0:13:47]} Be6 {[%emt 0:01:48]} 12. Ncd5 {[%emt 0:00:29]} Na5 {[%emt 0:00:12]} 13. Qa4 {[%emt 0:01:28]} Rc8 {[%emt 0:05:20]} 14. Nxe7+ {[%emt 0:01:40]} Qxe7 {[%emt 0:00:01]} 15. Qxa5 {[%emt 0:00:09]} b6 {[%emt 0:02:57]} 16. Nd5 {[%emt 0:04:56]} Qd7 {[%emt 0:02:01]} 17. Qb5 {[%emt 0:02:39]} Rxc4 {[%emt 0:06:14]} 18. Qxd7 {[%emt 0:00:42]} Nxd7 {[%emt 0:00:27]} 19. Ne3 {[%emt 0:02:38]} Rc5 {[%emt 0:02:40]} 20. Rb1 {[%emt 0:11:23]} a5 {[%emt 0:13:43]} 21. b3 {[%emt 0:01:18]} b5 {[%emt 0:07:12]} 22. Bb2 {[%emt 0:01:05]} d5 {[%emt 0:04:13]} 23. Rfd1 {[%emt 0:01:41]} Nb6 {[%emt 0:03:58]} 24. Bd4 {[%emt 0:01:18]} Rc6 {[%emt 0:02:11]} 25. Bxg7 {[%emt 0:02:27]} Kxg7 {[%emt 0:00:03]} 26. h4 {[%emt 0:02:18]} Rd8 {[%emt 0:03:38]} 27. Rd4 {[%emt 0:00:27]} Nc8 {[%emt 0:01:44]} 28. Rbd1 {[%emt 0:04:38]} Ne7 {[%emt 0:00:30]} 29. Nxd5 {[%emt 0:08:38]} Rcd6 {[%emt 0:02:57]} 30. e4 {[%emt 0:00:13]} f5 {[%emt 0:00:39]} 31. Nf4 {[%emt 0:00:48]} 1-0

[Event "Galicia-ch U18 2021"]
[Site "Padron"]
[Date "2021.04.02"]
[Round "3.6"]
[White "Buitron Ramil, David"]
[Black "Quintas Fernandez, Paula"]
[Result "1-0"]
[WhiteElo "1934"]
[BlackElo "1671"]
[Annotator "ChessBase"]
[PlyCount "37"]
[EventDate "2021.04.02"]
[EventType "swiss"]
[EventCountry "ESP"]
[SourceTitle "playchess.com"]
[Source "ChessBase"]
[SourceQuality "1"]
[TimeControl "5400+30"]

1. e4 {[%emt 0:05:33]} e5 {[%emt 0:00:00]} 2. Nf3 {[%emt 0:00:06]} Nc6 {[%emt 0:00:08]} 3. d4 {[%emt 0:00:05]} exd4 {[%emt 0:02:26]} 4. Bc4 {[%emt 0:00:07]} Bc5 {[%emt 0:05:15]} 5. c3 {[%emt 0:00:16]} d6 {[%emt 0:03:42]} 6. cxd4 {[%emt 0:00:16]} Bb4+ {[%emt 0:01:32]} 7. Bd2 {[%emt 0:04:41]} Bxd2+ {[%emt 0:01:31]} 8. Nbxd2 {[%emt 0:00:04]} Qf6 {[%emt 0:14:02]} 9. O-O {[%emt 0:01:47]} Nxd4 {[%emt 0:15:33]} 10. Nxd4 {[%emt 0:00:09]} Qxd4 {[%emt 0:03:28]} 11. Qa4+ {[%emt 0:00:08]} Ke7 {[%emt 0:03:39]} 12. Nf3 {[%emt 0:00:32]} Qb6 {[%emt 0:05:26]} 13. e5 {[%emt 0:00:32]} Be6 {[%emt 0:03:50]} 14. exd6+ {[%emt 0:00:10]} cxd6 {[%emt 0:02:47]} 15. Rfe1 {[%emt 0:00:29]} h6 {[%emt 0:01:07]} 16. Bxe6 {[%emt 0:00:38]} fxe6 {[%emt 0:00:13]} 17. Qg4 {[%emt 0:00:06]} Kf8 {[%emt 0:10:24]} 18. Nh4 {[%emt 0:02:02]} Nf6 {[%emt 0:08:06]} 19. Qxe6 {[%emt 0:00:20]} 1-0

[Event "Galicia-ch U18 2021"]
[Site "Padron"]
[Date "2021.04.02"]
[Round "4.1"]
[White "Bringas Gomez, Artai"]
[Black "Rodriguez Ferreiros, Andres"]
[Result "1/2-1/2"]
[WhiteElo "2120"]
[BlackElo "2123"]
[Annotator "NA"]
[PlyCount "57"]
[EventDate "2021.04.02"]
[EventType "swiss"]
[EventCountry "ESP"]
[SourceTitle "playchess.com"]
[Source "ChessBase"]
[SourceQuality "1"]
[TimeControl "5400+30"]

1. d4 {[%emt 0:00:00]} d5 {[%emt 0:00:00]} 2. Bg5 {[%emt 0:00:00]} f6 {[%emt 0:01:33]} 3. Bh4 {[%emt 0:00:00]} c5 {[%emt 0:00:41]} 4. Nc3 {[%emt 0:02:46]} Bf5 {[%emt 0:04:12]} 5. e3 {[%emt 0:05:37]} cxd4 {[%emt 0:03:26]} 6. exd4 {[%emt 0:03:24]} e6 {[%emt 0:01:04]} 7. Bd3 {[%emt 0:00:41]} Ne7 {[%emt 0:01:16]} 8. g4 {[%emt 0:02:02]} Bxd3 {[%emt 0:01:52]} 9. Qxd3 {[%emt 0:00:07]} Nbc6 {[%emt 0:02:59]} 10. O-O-O {[%emt 0:05:26]} h5 {[%emt 0:07:08]} 11. gxh5 {[%emt 0:04:30]} Nf5 {[%emt 0:02:10]} 12. Bg3 {[%emt 0:00:45]} Rxh5 {[%emt 0:07:43]} 13. Qe2 {[%emt 0:01:53]} g6 {[%emt 0:06:02]} 14. Qxe6+ {[%emt 0:00:37]} Qe7 {[%emt 0:05:02]} 15. Qxe7+ {[%emt 0:04:31]} Ncxe7 {[%emt 0:04:55]} 16. Nf3 {[%emt 0:09:41]} Kf7 {[%emt 0:02:03]} 17. Ne2 {[%emt 0:03:22]} Bh6+ {[%emt 0:04:04]} 18. Kb1 {[%emt 0:08:48]} Re8 {[%emt 0:01:42]} 19. Nf4 {[%emt 0:09:30]} Nxg3 {[%emt 0:06:01]} 20. hxg3 {[%emt 0:00:41]} Rxh1 {[%emt 0:02:18]} 21. Rxh1 {[%emt 0:00:15]} Bxf4 {[%emt 0:00:53]} 22. gxf4 {[%emt 0:00:14]} Nf5 {[%emt 0:00:19]} 23. Kc1 {[%emt 0:05:10]} Re4 {[%emt 0:02:52]} 24. Rh7+ {[%emt 0:00:53]} Ke6 {[%emt 0:08:01]} 25. Kd2 {[%emt 0:08:04]} Rxf4 {[%emt 0:01:02]} 26. Ke2 {[%emt 0:00:37]} Nd6 {[%emt 0:01:52]} 27. c3 {[%emt 0:01:21]} g5 {[%emt 0:01:10]} 28. Ne1 {[%emt 0:01:43]} Re4+ {[%emt 0:05:17]} 29. Kf1 {[%emt 0:01:17]} 1/2-1/2

[Event "Galicia-ch U18 2021"]
[Site "Padron"]
[Date "2021.04.02"]
[Round "4.2"]
[White "Gonzalez Taboada, Lorenzo"]
[Black "Martinez Montes, Juan Manuel"]
[Result "1-0"]
[WhiteElo "1609"]
[BlackElo "1873"]
[Annotator "NA"]
[PlyCount "89"]
[EventDate "2021.04.02"]
[EventType "swiss"]
[EventCountry "ESP"]
[SourceTitle "playchess.com"]
[Source "ChessBase"]
[SourceQuality "1"]
[TimeControl "5400+30"]

1. e4 c5 2. Nf3 {[%emt 0:00:04]} d6 {[%emt 0:00:00]} 3. d4 {[%emt 0:01:23]} cxd4 {[%emt 0:00:00]} 4. Nxd4 {[%emt 0:00:02]} Nf6 {[%emt 0:00:00]} 5. Nc3 {[%emt 0:00:11]} a6 {[%emt 0:00:00]} 6. Be2 {[%emt 0:02:02]} e5 {[%emt 0:00:00]} 7. Nb3 {[%emt 0:00:29]} Be7 {[%emt 0:00:00]} 8. O-O {[%emt 0:00:15]} Be6 9. Be3 {[%emt 0:01:27]} O-O {[%emt 0:00:07]} 10. f4 {[%emt 0:06:19]} Nbd7 {[%emt 0:00:56]} 11. f5 {[%emt 0:00:33]} Bxb3 {[%emt 0:00:06]} 12. axb3 {[%emt 0:00:04]} Nb6 {[%emt 0:00:36]} 13. Bf3 {[%emt 0:01:46]} Rc8 {[%emt 0:00:23]} 14. Rc1 {[%emt 0:01:06]} Rc6 {[%emt 0:04:19]} 15. Kh1 {[%emt 0:03:24]} Nfd7 {[%emt 0:02:18]} 16. Nd5 {[%emt 0:02:45]} Bg5 {[%emt 0:01:18]} 17. Qe2 {[%emt 0:06:11]} Bxe3 {[%emt 0:01:02]} 18. Nxe3 {[%emt 0:01:41]} Qc7 {[%emt 0:04:19]} 19. g3 {[%emt 0:07:16]} a5 {[%emt 0:00:58]} 20. Ra1 {[%emt 0:02:13]} Ra8 {[%emt 0:00:19]} 21. Bg4 {[%emt 0:16:08]} Nf6 {[%emt 0:00:18]} 22. Bf3 {[%emt 0:02:13]} a4 {[%emt 0:02:07]} 23. bxa4 {[%emt 0:00:50]} Nc4 {[%emt 0:00:28]} 24. Nd5 {[%emt 0:02:49]} Nxd5 {[%emt 0:00:18]} 25. exd5 {[%emt 0:00:06]} Rca6 {[%emt 0:01:09]} 26. b3 {[%emt 0:00:23]} Nb6 {[%emt 0:00:30]} 27. f6 {[%emt 0:05:04]} g6 {[%emt 0:01:06]} 28. Be4 {[%emt 0:00:23]} Qc3 {[%emt 0:01:52]} 29. Rac1 {[%emt 0:02:07]} Qc8 {[%emt 0:06:03]} 30. Qe3 {[%emt 0:05:03]} Qd8 {[%emt 0:01:46]} 31. h4 {[%emt 0:03:43]} Nd7 {[%emt 0:00:45]} 32. Qg5 {[%emt 0:01:13]} Nc5 {[%emt 0:04:37]} 33. Bf5 {[%emt 0:04:24]} Qf8 {[%emt 0:02:29]} 34. Rf2 {[%emt 0:07:31]} Kh8 {[%emt 0:03:34]} 35. Bd3 {[%emt 0:05:20]} Nxd3 {[%emt 0:01:25]} 36. cxd3 {[%emt 0:00:00]} Rc8 {[%emt 0:00:10]} 37. Rxc8 {[%emt 0:00:23]} Qxc8 {[%emt 0:00:01]} 38. Qh6 {[%emt 0:02:48]} Qg8 {[%emt 0:00:05]} 39. Rc2 Ra8 40. Rc7 {[%emt 0:00:21]} b5 {[%emt 0:00:01]} 41. axb5 {[%emt 0:00:30]} g5 {[%emt 0:00:10]} 42. Qxg5 {[%emt 0:01:03]} Qxg5 {[%emt 0:01:11]} 43. hxg5 {[%emt 0:00:02]} h6 {[%emt 0:00:01]} 44. g6 {[%emt 0:00:37]} fxg6 {[%emt 0:00:08]} 45. b6 {[%emt 0:00:04]} 1-0

[Event "Galicia-ch U18 2021"]
[Site "Padron"]
[Date "2021.04.02"]
[Round "4.3"]
[White "Bastos Gonzalez, Gonzalo"]
[Black "Ferreno Sanmartin, Angel"]
[Result "0-1"]
[WhiteElo "1685"]
[BlackElo "2152"]
[Annotator "ChessBase"]
[PlyCount "88"]
[EventDate "2021.04.02"]
[EventType "swiss"]
[EventCountry "ESP"]
[SourceTitle "playchess.com"]
[Source "ChessBase"]
[SourceQuality "1"]
[TimeControl "5400+30"]

1. Nf3 {[%emt 0:00:00]} c5 {[%emt 0:00:00]} 2. c4 {[%emt 0:00:00]} Nc6 {[%emt 0:00:00]} 3. Nc3 {[%emt 0:00:00]} g6 {[%emt 0:00:00]} 4. g3 {[%emt 0:01:05]} Bg7 {[%emt 0:00:03]} 5. Bg2 {[%emt 0:00:10]} e5 {[%emt 0:00:58]} 6. O-O {[%emt 0:00:34]} Nge7 {[%emt 0:00:05]} 7. d3 {[%emt 0:00:51]} d6 {[%emt 0:00:25]} 8. Rb1 {[%emt 0:01:18]} O-O {[%emt 0:00:20]} 9. a3 {[%emt 0:01:04]} a5 {[%emt 0:00:11]} 10. Ne1 {[%emt 0:01:50]} Be6 {[%emt 0:00:21]} 11. Nc2 {[%emt 0:04:20]} d5 {[%emt 0:00:30]} 12. cxd5 {[%emt 0:00:30]} Nxd5 {[%emt 0:00:43]} 13. Nxd5 {[%emt 0:01:10]} Bxd5 {[%emt 0:00:06]} 14. Bxd5 {[%emt 0:02:04]} Qxd5 {[%emt 0:00:07]} 15. Ne3 {[%emt 0:00:33]} Qe6 {[%emt 0:02:42]} 16. Re1 {[%emt 0:14:41]} b5 {[%emt 0:13:56]} 17. a4 {[%emt 0:16:24]} Qa2 {[%emt 0:08:48]} 18. Bd2 {[%emt 0:03:45]} bxa4 {[%emt 0:07:13]} 19. Ra1 {[%emt 0:05:30]} Qxb2 {[%emt 0:03:03]} 20. Nc4 {[%emt 0:01:41]} Qb7 {[%emt 0:14:09]} 21. Rxa4 {[%emt 0:02:40]} Qc7 {[%emt 0:00:55]} 22. Qb3 {[%emt 0:05:16]} Rfb8 {[%emt 0:01:51]} 23. Qa3 {[%emt 0:06:42]} Rb5 {[%emt 0:00:51]} 24. Bc3 {[%emt 0:09:30]} Nd4 {[%emt 0:10:12]} 25. Rxa5 {[%emt 0:09:28]} Rbxa5 {[%emt 0:01:38]} 26. Bxa5 {[%emt 0:00:06]} Qa7 {[%emt 0:03:21]} 27. Qb2 {[%emt 0:01:09]} e4 {[%emt 0:01:13]} 28. Qb1 {[%emt 0:02:19]} Rb8 {[%emt 0:02:34]} 29. Bb6 {[%emt 0:00:35]} Qa4 {[%emt 0:02:16]} 30. Kg2 {[%emt 0:03:48]} exd3 {[%emt 0:01:30]} 31. Qxd3 {[%emt 0:00:27]} Qc6+ {[%emt 0:00:44]} 32. f3 {[%emt 0:00:40]} Rxb6 {[%emt 0:01:06]} 33. Nxb6 {[%emt 0:00:34]} Qxb6 {[%emt 0:00:04]} 34. Rb1 {[%emt 0:00:51]} Qc7 {[%emt 0:01:42]} 35. Qe4 {[%emt 0:00:58]} Qe5 {[%emt 0:02:21]} 36. Qa8+ {[%emt 0:01:18]} Bf8 {[%emt 0:00:13]} 37. e4 Qh5 {[%emt 0:03:41]} 38. g4 {[%emt 0:02:06]} Qg5 {[%emt 0:00:12]} 39. Rb8 {[%emt 0:01:36]} Ne6 {[%emt 0:00:33]} 40. Qa2 {[%emt 0:01:22]} Qf4 {[%emt 0:01:30]} 41. Rb3 {[%emt 0:00:50]} Bd6 {[%emt 0:01:38]} 42. Kf1 {[%emt 0:00:34]} Qxh2 {[%emt 0:01:55]} 43. Qxh2 {[%emt 0:00:34]} Bxh2 {[%emt 0:00:08]} 44. Ke2 {[%emt 0:00:11]} Nd4+ {[%emt 0:00:10]} 0-1

[Event "Galicia-ch U18 2021"]
[Site "Padron"]
[Date "2021.04.02"]
[Round "4.4"]
[White "Vazquez Gomez, Marcos"]
[Black "Buitron Ramil, David"]
[Result "0-1"]
[WhiteElo "1761"]
[BlackElo "1934"]
[Annotator "NA"]
[PlyCount "106"]
[EventDate "2021.04.02"]
[EventType "swiss"]
[EventCountry "ESP"]
[SourceTitle "playchess.com"]
[Source "ChessBase"]
[SourceQuality "1"]
[TimeControl "5400+30"]

1. e4 {[%emt 0:00:00]} e6 {[%emt 0:00:00]} 2. d3 {[%emt 0:00:33]} d5 {[%emt 0:00:00]} 3. Nd2 {[%emt 0:00:24]} Nf6 {[%emt 0:00:00]} 4. Ngf3 {[%emt 0:01:45]} Bc5 {[%emt 0:00:20]} 5. e5 {[%emt 0:03:23]} Nfd7 {[%emt 0:00:34]} 6. d4 {[%emt 0:01:03]} Be7 {[%emt 0:00:07]} 7. g3 {[%emt 0:02:26]} c5 {[%emt 0:00:11]} 8. c3 {[%emt 0:00:49]} Nc6 {[%emt 0:00:02]} 9. Bg2 {[%emt 0:01:30]} Qb6 {[%emt 0:01:12]} 10. Nb3 {[%emt 0:11:30]} cxd4 {[%emt 0:00:06]} 11. cxd4 {[%emt 0:00:46]} a5 {[%emt 0:00:04]} 12. Be3 {[%emt 0:12:24]} a4 {[%emt 0:05:35]} 13. Nbd2 {[%emt 0:00:39]} Qxb2 {[%emt 0:00:03]} 14. O-O {[%emt 0:00:45]} Qc3 {[%emt 0:00:14]} 15. Qe2 {[%emt 0:01:41]} Qa5 {[%emt 0:01:59]} 16. a3 {[%emt 0:06:47]} Qa6 {[%emt 0:00:40]} 17. Qd1 {[%emt 0:01:23]} O-O {[%emt 0:00:36]} 18. h4 {[%emt 0:00:55]} b5 {[%emt 0:04:35]} 19. Ng5 {[%emt 0:03:22]} h6 {[%emt 0:00:45]} 20. Qh5 {[%emt 0:04:08]} hxg5 {[%emt 0:02:17]} 21. hxg5 {[%emt 0:00:20]} g6 {[%emt 0:00:30]} 22. Qh6 {[%emt 0:01:06]} Re8 {[%emt 0:00:28]} 23. Kh2 {[%emt 0:05:02]} Bf8 {[%emt 0:00:21]} 24. Qh4 {[%emt 0:00:12]} Nb6 {[%emt 0:00:40]} 25. Rh1 {[%emt 0:01:50]} Nc4 {[%emt 0:01:12]} 26. Kg1 {[%emt 0:00:52]} Bg7 {[%emt 0:00:06]} 27. Qh7+ {[%emt 0:05:04]} Kf8 {[%emt 0:00:02]} 28. Nf3 {[%emt 0:01:29]} Nxe3 {[%emt 0:01:35]} 29. fxe3 {[%emt 0:00:13]} Qa5 {[%emt 0:00:46]} 30. Nh4 {[%emt 0:02:51]} Ne7 {[%emt 0:00:22]} 31. Rf1 {[%emt 0:04:47]} Qc3 {[%emt 0:01:35]} 32. Nxg6+ {[%emt 0:05:44]} Nxg6 {[%emt 0:00:06]} 33. Qxg6 {[%emt 0:01:01]} Qxe3+ {[%emt 0:00:03]} 34. Kh2 {[%emt 0:00:25]} Ra7 {[%emt 0:00:19]} 35. Rf6 {[%emt 0:02:12]} Qxd4 {[%emt 0:03:48]} 36. Rhf1 {[%emt 0:06:25]} Ree7 {[%emt 0:00:03]} 37. Bf3 {[%emt 0:01:25]} Bxf6 {[%emt 0:01:30]} 38. Qxf6 {[%emt 0:00:15]} Ke8 {[%emt 0:00:09]} 39. Bh5 {[%emt 0:01:58]} Qb2+ {[%emt 0:02:08]} 40. Kh3 {[%emt 0:00:45]} Qxa3 {[%emt 0:01:12]} 41. Qh8+ {[%emt 0:01:20]} Kd7 {[%emt 0:00:01]} 42. Bxf7 {[%emt 0:00:23]} Bb7 {[%emt 0:00:57]} 43. g6 {[%emt 0:01:06]} Qd3 {[%emt 0:00:33]} 44. Rf6 {[%emt 0:04:10]} Ra8 {[%emt 0:01:33]} 45. g7 {[%emt 0:00:32]} Qb1 {[%emt 0:01:30]} 46. Kg4 {[%emt 0:04:48]} Qe4+ {[%emt 0:00:03]} 47. Kg5 {[%emt 0:00:21]} Qxe5+ {[%emt 0:00:15]} 48. Kg6 {[%emt 0:00:31]} Qxg3+ {[%emt 0:00:03]} 49. Kh7 {[%emt 0:00:27]} Qh4+ {[%emt 0:01:11]} 50. Rh6 {[%emt 0:00:08]} Rxh8+ {[%emt 0:00:19]} 51. gxh8=Q {[%emt 0:00:14]} Rxf7+ {[%emt 0:00:08]} 52. Kg6 {[%emt 0:00:22]} Qf4 {[%emt 0:00:38]} 53. Rh5 {[%emt 0:01:18]} d4 0-1